Az 1944/45-ös délvidéki partizánmegtorlás historiográfiai áttekintése

In Yugoslavia the guerilla-fighter retaliation against Hungarians in 1944/45 could not be spoken about for over fifty years. The exploration of the subject commenced in the beginning of the 90s – not in an unproblematic manner at all – and by today – thanks to the Academy committees of the two count...

Teljes leírás

Elmentve itt :
Bibliográfiai részletek
Szerző: Forró Lajos
Dokumentumtípus: Cikk
Megjelent: 2015
Sorozat:Délvidéki szemle 2 No. 1
Kulcsszavak:Politikai terror - Délvidék - 1944-1945
Tárgyszavak:
Online Access:http://acta.bibl.u-szeged.hu/36182
LEADER 01374nab a2200229 i 4500
001 acta36182
005 20251007141503.0
008 161017s2015 hu o 000 hun d
022 |a 2416-223X 
040 |a SZTE Egyetemi Kiadványok Repozitórium  |b hun 
041 |a hun 
041 |a eng 
100 1 |a Forró Lajos 
245 1 3 |a Az 1944/45-ös délvidéki partizánmegtorlás historiográfiai áttekintése  |h [elektronikus dokumentum] /  |c  Forró Lajos 
260 |c 2015 
300 |a 97-108 
490 0 |a Délvidéki szemle  |v 2 No. 1 
520 3 |a In Yugoslavia the guerilla-fighter retaliation against Hungarians in 1944/45 could not be spoken about for over fifty years. The exploration of the subject commenced in the beginning of the 90s – not in an unproblematic manner at all – and by today – thanks to the Academy committees of the two countries – numerous works have been published about the issue. The Vajdaság Archive becoming researchable is a huge step and the task awaits historians to determine the number of Hungarian victims as much as possible, concluding the number-war that has been ongoing to this day. 
650 4 |a Bölcsészettudományok 
650 4 |a Történettudomány és régészet 
695 |a Politikai terror - Délvidék - 1944-1945 
856 4 0 |u http://acta.bibl.u-szeged.hu/36182/1/delvideki_szemle_2015_001_097-108.pdf  |z Dokumentum-elérés